| 000 | 00000nam##2200000za#4500 |
| 001 | 9.575553 |
| 003 | CaOODSP |
| 005 | 20210624184723 |
| 007 | cr ||||||||||| |
| 008 | 150406|1994||||xxc|||||o f|0| 0 eng|d |
| 040 | |aCaOODSP|beng |
| 043 | |an-cn--- |
| 086 | 1 |aCS92-N0020/23-1994E-PDF |
| 245 | 00|aAnalysis of income components National Census Test (N.C.T.) November, 1993 |h[electronic resource] |
| 260 | |aOttawa - Ontario : |bStatistics Canada |c1994. |
| 490 | 1 |aNational Census test |vNo. 23 |
| 500 | |aHistorical census publication digitized by Statistics Canada. |
| 590 | |a12-44-Supp|b2012-12-13 |
| 690 | 07|aCensus|2gcpds |
| 690 | 07|aTesting|2gcpds |
| 710 | 2 |aStatistics Canada. |
| 830 | #0|aNational Census test ;|vNo. 23|w(CaOODSP)9.507369 |
| 856 | 40|ahttp://publications.gc.ca|qPDF|s1014 KB|uhttps://publications.gc.ca/collections/collection_2012/statcan/rh-hc/CS92-N0020-23-1994-eng.pdf|yNo. 23 |